Score 0/16 Timer 02:30
3 Plays Today
Question Answer Wrong Answers
Showcase Showdown The Price Is Right
86.8%
Let's Make a Deal
7.8%
Plinko The Price Is Right
85.2%
Let's Make a Deal
9.7%
Hole in One (Or Two) The Price Is Right
78.8%
Let's Make a Deal
16.3%
Go Big or Go Home Let's Make a Deal
75%
The Price Is Right
19.6%
Cliff Hangers The Price Is Right
73.8%
Let's Make a Deal
21.3%
Lucky Seven The Price Is Right
73.3%
Let's Make a Deal
21.3%
Smash for Cash Let's Make a Deal
69.8%
The Price Is Right
24.7%
Panic Button Let's Make a Deal
68.3%
The Price Is Right
26.4%
One Away The Price Is Right
67.5%
Let's Make a Deal
27.2%
Strike a Match Let's Make a Deal
66.4%
The Price Is Right
28.3%
Beat the Dealer Let's Make a Deal
64.8%
The Price Is Right
30%
Car Pong Let's Make a Deal
63.4%
The Price Is Right
30.9%
That's Too Much The Price Is Right
63.2%
Let's Make a Deal
31.6%
Dice Duel Let's Make a Deal
61%
The Price Is Right
33.8%
Push Over The Price Is Right
53.4%
Let's Make a Deal
41.2%
Go For a Spin Let's Make a Deal
52.2%
The Price Is Right
42.3%

Today's Daily Dose

Missing Word
Extinct Animals

Get the Picture
Cornetto Trilogy

Remove Ads.
Support Sporcle.
Get the best of Sporcle when you Go Orange. This ad-free experience offers more features, more stats, and more fun while also helping to support Sporcle. Thank you for becoming a member.

You're not logged in!

Compare scores with friends on all Sporcle quizzes.
OR
Log In

Show Comments

Extras

Top Quizzes Today


Score Distribution

Your Account Isn't Verified!

In order to create a playlist on Sporcle, you need to verify the email address you used during registration. Go to your Sporcle Settings to finish the process.

Report this User

Report this user for behavior that violates our Community Guidelines.

Details: